Això és el cooperativisme / text: Josep Castaño ; il·lustració: Pere Joan Josep Castaño ; il·lustració:
ISBN:
84-88591-49-7
Descripción Física:
16 p. : il., col. ; 27 cm + 1 fitxa didàctica, de 4 p.
Otros Autores:
Joan, Pere
MARC
| LEADER | 00000nam a2200000Ia 4500 | ||
|---|---|---|---|
| 001 | 10800 | ||
| 003 | BGR | ||
| 005 | 20260324175339.0 | ||
| 008 | 160829s1995 xx 000 0 cat d | ||
| 020 | |a 84-88591-49-7 | ||
| 080 | |a FU-26-19 | ||
| 100 | |a Castaño, Josep |9 28249 | ||
| 245 | |a Això és el cooperativisme / text: |b Josep Castaño ; il·lustració: |b Pere Joan | ||
| 260 | |a Barcelona : |b Mediterrània, |c 1995 | ||
| 300 | |a 16 p. : |b il., col. ; |c 27 cm + 1 fitxa didàctica, de 4 p. | ||
| 590 | |a Edició patrocinada per: Generalitat de Catalunya, Institut per a la Promoció i la Formació Cooperatives | ||
| 650 | |a Cooperativisme |x Llibres per a infants |9 28250 | ||
| 650 | |a Cooperatives |x Llibres per a infants |9 28251 | ||
| 700 | 1 | |a Joan, Pere |9 28252 | |
| 710 | |a Institut per a la Promoció i la Formació Cooperatives (Barcelona) |9 2832 | ||
| 901 | |a Arxiu | ||
| 942 | |n 1 |2 udc |c MON | ||
| 952 | |0 0 |1 0 |4 0 |6 FU2619 |7 1 |9 44738 |a Arxiu |b Arxiu |d 2016-12-01 |l 0 |o FU-26-19 |p 10800 |r 2016-12-01 00:00:00 |w 2016-12-01 |y ARXIU | ||
| 999 | |c 47320 |d 47320 | ||